000 00595cam a22001934a 4500
005 20250605164311.0
008 250528s ||||||||||||||||||||||||d
035 _a22482
020 _a9789603443230
040 _aGR-AtMCL
_bgre
_dGR-AtMCL
_eAACR2
245 1 _aΣΥΜΠΕΡΙΦΟΡΑ ΚΑΙ ΔΙΑΠΡΟΣΩΠΙΚΗ ΕΠΙΚΟΙΝΩΝΙΑ ΣΤΟΝ ΕΡΓΑΣΙΑΚΟ ΧΩΡΟ
250 _a5
260 _bΕλληνικά Γράμματα,
_c1998
300 _a194
700 1 _aΓιαννουλεας Π. Μιχαλης
_98302
942 _cBK
999 _c7534
_d7534